| 000 | 00475nam a2200181Ia 4500 | ||
|---|---|---|---|
| 003 | GCL | ||
| 008 | 140319s9999 xx 000 0 eng d | ||
| 040 |
_aGCL / _cGCL |
||
| 082 | 0 | 4 |
_a759 _bQ P |
| 100 | 1 | _aQATTAN, KHALIFA | |
| 245 | 1 | 0 |
_aTHE PROPHESY OF KHALIFA QATTAN / _cQATTAN, KHALIFA |
| 260 |
_a[S.N] : _bKUWAIT MINISTRY OF INFORMATION ، _c1994 |
||
| 300 | _a254 P | ||
| 650 | 0 | 4 | _aQUWAITI PAINTERS |
| 650 | 0 | 4 | _aPAINTING |
| 650 | 0 | 4 | _aART, KUWAIT |
| 942 |
_2ddc _cBK |
||
| 999 |
_c19724 _d19724 |
||